000 00942nam a2200253Ia 4500
003 OSt
005 20220923222218.0
006 a|||||r|||| 00| 0
007 ta
008 220922b |||||||| |||| 00| 0 hin d
024 _a203,762
037 _cTextual
040 _aARTS
_cARTS
_bhin
041 _2hin
_ahin
082 _aO158xM29w, 152N1
100 _aनियोग, महेश्वर; विमल, गंगाप्रसाद, अनु.
_9166338
245 0 _aआनंदराम ढेकियाल फूकन
246 _aĀnandarām ḍhekiyāl fūkana
260 _aनई दिल्ली
_b साहित्य अकादमी
_c1991
300 _a51पृ.
_ccm.
650 _aअसमी कहानी
942 _hO158xM29w, 152N1
_cTEXL
_2CC
999 _c354512
_d354512